000
00280nam a2200109 a 4500
005
20140414131956.0
008
110209s19uu xx 00 eng d
050
_a
TR 649.5
_b
K32 2004
100
_a
Kemp, Jane
245
_a
Number and logic games for preschoolers.
999
_c
112936
_d
112936